000 00389nam a2200145 i 4500
001 101274
003 ES-MaACL
007 t|
008 051017s1920 fr ||||1| fre d
100 1 _aMay, Gaston.
_979321
245 1 0 _aIntroduction a la science du Droit /
_cpar Gaston May.
260 _aParis :
_bLaval Barucoud,
_c1920.
300 _a116 p. ;
_c23 cm.
852 _aES-MaACL
_jB-5310
999 _c101274
_d101274